[Event "FIDE World Senior Team Championship 2020"]
[Site "Olympik hotel, Sokolovska 138, Prague"]
[Date "2020.03.10"]
[Round "5.1.1"]
[White "Knaak, Rainer"]
[Black "Balashov, Yuri S"]
[Result "1-0"]
[WhiteElo "2478"]
[BlackElo "2465"]
[PlyCount "75"]
[WhiteTeam "GER1"]
[BlackTeam "RUS"]
[EventDate "2020.03.06"]

1. d4 Nf6 2. c4 e6 3. Nc3 Bb4 4. e3 O-O 5. Bd2 b6 6. Bd3 Bb7 7. Nf3 d5 8. cxd5
exd5 9. O-O Nbd7 10. Rc1 a6 11. Ne5 Bd6 12. f4 c5 13. Qf3 b5 14. Bf5 cxd4 15.
exd4 Nb6 16. Be1 g6 17. Bb1 b4 18. Ne2 Ne4 19. f5 Qg5 20. f6 Rfe8 21. h4 Qh6
22. Ng4 Qf8 23. Bxe4 dxe4 24. Qe3 Nd5 25. Qg5 Rad8 26. h5 Re6 27. Bg3 Rd7 28.
Be5 Qd8 29. hxg6 hxg6 30. Nh6+ Kf8 31. Nf5 gxf5 32. Bxd6+ Rdxd6 33. Qg7+ Ke8
34. Qg8+ Kd7 35. Qxf7+ Ne7 36. fxe7 Qxe7 37. Qxf5 Rd5 38. Qh3 1-0

[Event "FIDE World Senior Team Championship 2020"]
[Site "Olympik hotel, Sokolovska 138, Prague"]
[Date "2020.03.10"]
[Round "5.1.2"]
[White "Sveshnikov, Evgeny"]
[Black "Chevelevitch, Evgueni, Dr."]
[Result "1/2-1/2"]
[WhiteElo "2470"]
[BlackElo "2391"]
[PlyCount "29"]
[WhiteTeam "RUS"]
[BlackTeam "GER1"]
[EventDate "2020.03.06"]

1. d4 Nf6 2. c4 g6 3. Nc3 Bg7 4. e4 d6 5. Nf3 O-O 6. h3 e5 7. d5 a5 8. Be3 Na6
9. Nd2 Nd7 10. g4 Ndc5 11. Rg1 Bd7 12. Nb3 c6 13. Nxc5 Nxc5 14. Qd2 a4 15. Bxc5
1/2-1/2

[Event "FIDE World Senior Team Championship 2020"]
[Site "Olympik hotel, Sokolovska 138, Prague"]
[Date "2020.03.10"]
[Round "5.1.4"]
[White "Kalegin, Evgenij"]
[Black "Buchal, Stephan"]
[Result "1/2-1/2"]
[WhiteElo "2431"]
[BlackElo "2276"]
[PlyCount "38"]
[WhiteTeam "RUS"]
[BlackTeam "GER1"]
[EventDate "2020.03.06"]

1. e4 d6 2. d4 Nf6 3. Nc3 g6 4. Nf3 Bg7 5. Be3 c6 6. Qd2 O-O 7. Bh6 b5 8. Bd3
Bg4 9. h4 Bxf3 10. gxf3 e5 11. dxe5 dxe5 12. Bxg7 Kxg7 13. O-O-O Nbd7 14. f4
exf4 15. Qxf4 Qe7 16. Ne2 Qe5 17. Qd2 Nc5 18. f4 Qe6 19. e5 Nh5 1/2-1/2

[Event "FIDE World Senior Team Championship 2020"]
[Site "Olympik hotel, Sokolovska 138, Prague"]
[Date "2020.03.10"]
[Round "5.2.2"]
[White "Lechtynsky, Jiri"]
[Black "Brock, Friedemann"]
[Result "1/2-1/2"]
[WhiteElo "2330"]
[BlackElo "2230"]
[PlyCount "41"]
[WhiteTeam "CZE1"]
[BlackTeam "GER4"]
[EventDate "2020.03.06"]

1. d4 Nf6 2. Nf3 e6 3. c4 Bb4+ 4. Bd2 Qe7 5. g3 b6 6. Bg2 Bb7 7. O-O Bxd2 8.
Qxd2 d6 9. Nc3 Ne4 10. Nxe4 Bxe4 11. Ne1 Bxg2 12. Nxg2 Nd7 13. e4 O-O 14. Rfe1
Rfd8 15. Rad1 c5 16. d5 e5 17. Ne3 g6 18. Kg2 Nf6 19. f3 h5 20. h4 Kg7 21. Rh1
1/2-1/2

[Event "FIDE World Senior Team Championship 2020"]
[Site "Olympik hotel, Sokolovska 138, Prague"]
[Date "2020.03.10"]
[Round "5.2.3"]
[White "Schoeneberg, Manfred"]
[Black "Spacek, Petr"]
[Result "0-1"]
[WhiteElo "2144"]
[BlackElo "2333"]
[PlyCount "70"]
[WhiteTeam "GER4"]
[BlackTeam "CZE1"]
[EventDate "2020.03.06"]

1. e4 d6 2. d4 Nf6 3. Nc3 c6 4. Nf3 Bg4 5. Be2 e6 6. O-O Be7 7. Be3 O-O 8. h3
Bh5 9. a4 d5 10. e5 Nfd7 11. Nd2 Bg6 12. Nb3 c5 13. Nxc5 Nxc5 14. dxc5 Nc6 15.
Nb5 Nxe5 16. Nd4 Nc4 17. Bxc4 dxc4 18. c6 Qd5 19. cxb7 Qxb7 20. Qe2 Rac8 21.
Rfc1 Rfd8 22. Ra2 Rd7 23. Nf3 Bf6 24. Bg5 Bxb2 25. Rb1 c3 26. Ne5 Rd4 27. Nxg6
hxg6 28. Qb5 Qe4 29. Be3 Qxc2 30. Raxb2 cxb2 31. Rxb2 Rd1+ 32. Kh2 Qc7+ 33. g3
Qc3 34. Qe2 Ra1 35. Rb7 Qc6 0-1

[Event "FIDE World Senior Team Championship 2020"]
[Site "Olympik hotel, Sokolovska 138, Prague"]
[Date "2020.03.10"]
[Round "5.3.1"]
[White "Vaisser, Anatoly"]
[Black "Ackermann, Hans Werner"]
[Result "1-0"]
[WhiteElo "2495"]
[BlackElo "2242"]
[PlyCount "87"]
[WhiteTeam "FRA"]
[BlackTeam "GER3"]
[EventDate "2020.03.06"]

1. d4 d6 2. e4 g6 3. Nc3 Bg7 4. f4 Nf6 5. Nf3 O-O 6. Bd3 c5 7. dxc5 dxc5 8. O-O
Nc6 9. e5 Ne8 10. Be3 b6 11. Qe1 Bf5 12. Bxf5 gxf5 13. Rd1 Qc8 14. Qd2 Nc7 15.
Qd7 Qxd7 16. Rxd7 Rac8 17. Rfd1 Rfd8 18. Nh4 Rxd7 19. Rxd7 e6 20. Nf3 Nb8 21.
Rd2 Nc6 22. Kf2 Bf8 23. a4 a6 24. h3 Rd8 25. Rxd8 Nxd8 26. Nd2 b5 27. g4 Nd5
28. axb5 Nxc3 29. bxc3 axb5 30. c4 bxc4 31. Nxc4 fxg4 32. hxg4 Nb7 33. Ke2 Kg7
34. Kd3 f6 35. Nb6 fxe5 36. fxe5 Kg6 37. Nd7 Be7 38. Kc4 h6 39. Nxc5 Bxc5 40.
Bxc5 Kg5 41. Be7+ Kxg4 42. Kb5 Kf5 43. Bf6 h5 44. Kb6 1-0

[Event "FIDE World Senior Team Championship 2020"]
[Site "Olympik hotel, Sokolovska 138, Prague"]
[Date "2020.03.10"]
[Round "5.3.2"]
[White "Baum, Bernd, Dr."]
[Black "Giffard, Nicolas"]
[Result "1-0"]
[WhiteElo "2249"]
[BlackElo "2236"]
[PlyCount "125"]
[WhiteTeam "GER3"]
[BlackTeam "FRA"]
[EventDate "2020.03.06"]

1. c4 Nf6 2. g3 c6 3. Nf3 d5 4. Bg2 Bg4 5. Ne5 Be6 6. cxd5 Bxd5 7. Nf3 Nbd7 8.
Nc3 Bxf3 9. Bxf3 e6 10. O-O h5 11. d4 h4 12. Qb3 Qb6 13. Qxb6 axb6 14. e4 hxg3
15. hxg3 e5 16. Be3 exd4 17. Bxd4 Bc5 18. Rfd1 Bxd4 19. Rxd4 O-O-O 20. Rad1
Rde8 21. Bg2 g5 22. f4 gxf4 23. gxf4 Nc5 24. e5 Ng4 25. Ne4 Nxe4 26. Rxe4 Rhg8
27. Rd3 f6 28. Rg3 f5 29. Re2 Kc7 30. Rd2 Rd8 31. Rgd3 Rxd3 32. Rxd3 Rg6 33.
Rh3 b5 34. Kf1 Kd7 35. Bf3 Nh6 36. Bd1 Ke7 37. Ra3 Ng4 38. Ke2 c5 39. Ra7 Rb6
40. Bc2 Nh6 41. Kf3 Ke6 42. Ra8 c4 43. Rf8 Ke7 44. Rh8 b4 45. Rh7+ Kd8 46. Ke3
b3 47. axb3 cxb3 48. Bd3 Ng4+ 49. Kd2 Rb4 50. Bxf5 Rxf4 51. Bxg4 Rxg4 52. Rxb7
Re4 53. Rb5 Kd7 54. Kd3 Re1 55. Kd4 Ke6 56. Rxb3 Rxe5 57. Rb6+ Kf5 58. Rb8 Re7
59. Kd5 Rd7+ 60. Kc6 Rd2 61. b4 Ke6 62. Re8+ Kf7 63. Re4 1-0

[Event "FIDE World Senior Team Championship 2020"]
[Site "Olympik hotel, Sokolovska 138, Prague"]
[Date "2020.03.10"]
[Round "5.3.3"]
[White "Boudre, Jean-Pierre"]
[Black "Kierzek, Matthias, Dr."]
[Result "1/2-1/2"]
[WhiteElo "2263"]
[BlackElo "2217"]
[PlyCount "114"]
[WhiteTeam "FRA"]
[BlackTeam "GER3"]
[EventDate "2020.03.06"]

1. b3 e5 2. Bb2 Nc6 3. e3 Nf6 4. c4 d5 5. cxd5 Nxd5 6. a3 Bd6 7. Qc2 O-O 8. Nf3
Re8 9. d3 Nf6 10. Nbd2 Bf5 11. Ne4 Qe7 12. Be2 Nxe4 13. dxe4 Be6 14. Nd2 f6 15.
O-O Qf7 16. b4 a6 17. Rfd1 Kh8 18. Rac1 Bf8 19. f4 Qe7 20. g3 Bg8 21. Bf3 Rad8
22. Nb3 Qf7 23. Nc5 Bxc5 24. Qxc5 Qb3 25. Qc3 Qxc3 26. Bxc3 Bb3 27. Rxd8 Rxd8
28. Be2 Kg8 29. Kf2 Kf7 30. Rb1 Bc2 31. Bc4+ Ke7 32. Rb2 Bxe4 33. b5 axb5 34.
Bxb5 exf4 35. gxf4 Nb8 36. Bc4 Nd7 37. a4 c5 38. a5 Kd6 39. Rd2+ Kc7 40. a6 b6
41. Bb5 Bc6 42. Bd3 Ra8 43. Rb2 b5 44. Bxb5 Bxb5 45. Rxb5 Rxa6 46. Rb2 Ra3 47.
Rc2 Kc6 48. e4 Kb5 49. e5 fxe5 50. fxe5 Nf8 51. Ke2 Ne6 52. Kd3 c4+ 53. Ke4
Nc5+ 54. Kd5 Na4 55. Bd4 Rd3 56. e6 Nb6+ 57. Ke4 Nc8 1/2-1/2

[Event "FIDE World Senior Team Championship 2020"]
[Site "Olympik hotel, Sokolovska 138, Prague"]
[Date "2020.03.10"]
[Round "5.3.4"]
[White "Herbrechtsmeier, Christof"]
[Black "Letzelter, Jean-Claude"]
[Result "0-1"]
[WhiteElo "2177"]
[BlackElo "2128"]
[PlyCount "56"]
[WhiteTeam "GER3"]
[BlackTeam "FRA"]
[EventDate "2020.03.06"]

1. e4 c6 2. d4 d5 3. exd5 cxd5 4. Bd3 Nc6 5. c3 Nf6 6. h3 e6 7. Bf4 Bd6 8. Bxd6
Qxd6 9. Nf3 Ne4 10. O-O O-O 11. Re1 f5 12. Ne5 Nxe5 13. dxe5 Qxe5 14. f3 Qg3
15. fxe4 fxe4 16. Bf1 Qf2+ 17. Kh1 Qxb2 18. Nd2 Qxc3 19. Rc1 Qe5 20. Qb3 Rf2
21. Rc2 b6 22. Qa4 Bb7 23. Ba6 Qg5 24. Rg1 Bxa6 25. Nxe4 Rf4 26. Qxa6 dxe4 27.
Rc8+ Rf8 28. Rxa8 Rxa8 0-1

[Event "FIDE World Senior Team Championship 2020"]
[Site "Olympik hotel, Sokolovska 138, Prague"]
[Date "2020.03.10"]
[Round "5.4.1"]
[White "Boidman, Yuri"]
[Black "Rooze, Jan"]
[Result "1/2-1/2"]
[WhiteElo "2335"]
[BlackElo "2245"]
[PlyCount "48"]
[WhiteTeam "GER2"]
[BlackTeam "BEL"]
[EventDate "2020.03.06"]

1. e4 c5 2. Nf3 e6 3. Nc3 Nc6 4. Bb5 Nd4 5. Bc4 a6 6. Nxd4 cxd4 7. Ne2 b5 8.
Bb3 Bc5 9. O-O Bb7 10. d3 Ne7 11. c3 Nc6 12. cxd4 Nxd4 13. Nxd4 Bxd4 14. Qe2
O-O 15. Be3 Qb6 16. Rab1 a5 17. a3 b4 18. axb4 Bxe3 19. Qxe3 Qxb4 20. Bd1 d5
21. e5 Rac8 22. f4 d4 23. Qg3 Rc7 24. Qe1 Qb6 1/2-1/2

[Event "FIDE World Senior Team Championship 2020"]
[Site "Olympik hotel, Sokolovska 138, Prague"]
[Date "2020.03.10"]
[Round "5.4.2"]
[White "Goormachtigh, Johan"]
[Black "Khanukov, Boris"]
[Result "0-1"]
[WhiteElo "2181"]
[BlackElo "2293"]
[PlyCount "116"]
[WhiteTeam "BEL"]
[BlackTeam "GER2"]
[EventDate "2020.03.06"]

1. d4 Nf6 2. c4 e6 3. Nf3 b6 4. g3 Ba6 5. Qc2 Be7 6. Bg2 c6 7. O-O O-O 8. Bf4
d5 9. Nbd2 Nbd7 10. Rac1 Nh5 11. Qa4 Nxf4 12. gxf4 Bxc4 13. Nxc4 b5 14. Qa6
bxc4 15. Qxc6 Qc8 16. Ne5 Nxe5 17. Qxc8 Nf3+ 18. Bxf3 Raxc8 19. Rc2 f5 20. Ra1
a5 21. e3 Rc7 22. Bd1 Rb8 23. Rac1 Rcb7 24. b3 Ba3 25. Rb1 a4 26. Rc3 Bb4 27.
Rc2 Be7 28. Rc3 Kf7 29. Kf1 h6 30. Ra1 axb3 31. axb3 cxb3 32. Rb1 b2 33. Bc2
Bd6 34. Ke2 Rb6 35. h3 g5 36. fxg5 hxg5 37. Kf1 Kf6 38. Kg2 Rb4 39. Rc6 Rc4 40.
Rxc4 dxc4 41. Kf1 e5 42. dxe5+ Bxe5 43. Rd1 Ra8 44. Ke2 Rh8 45. Rd5 Rxh3 46.
Rd8 Rh1 47. Rf8+ Ke7 48. Rxf5 Ke6 49. Rxg5 b1=Q 50. Bxb1 Rxb1 51. f4 Rb2+ 52.
Kd1 Bd6 53. Rg6+ Kd7 54. f5 c3 55. Rg7+ Kc6 56. Ra7 Bc5 57. Ra4 Kb5 58. Re4 Rf2
0-1

[Event "FIDE World Senior Team Championship 2020"]
[Site "Olympik hotel, Sokolovska 138, Prague"]
[Date "2020.03.10"]
[Round "5.5.1"]
[White "Herzog, Adolf"]
[Black "Birnboim, Nathan"]
[Result "0-1"]
[WhiteElo "2312"]
[BlackElo "2369"]
[PlyCount "100"]
[WhiteTeam "AUT1"]
[BlackTeam "ISR1"]
[EventDate "2020.03.06"]

1. c4 e5 2. Nc3 Nf6 3. Nf3 Nc6 4. e3 Bb4 5. Qc2 O-O 6. Nd5 Re8 7. Ng5 g6 8. h4
Bf8 9. Be2 d6 10. Nxf6+ Qxf6 11. g4 Qe7 12. a3 Bg7 13. b4 Nd4 14. exd4 exd4 15.
d3 Bxg4 16. f3 Bh5 17. Kd1 f5 18. c5 d5 19. Bf4 h6 20. Nh3 Qxh4 21. Qd2 Re7 22.
Kc2 Rae8 23. Rh2 Rxe2 24. Rxe2 Rxe2 25. Qxe2 Qxh3 26. Bxc7 Bxf3 27. Qh2 Qxh2+
28. Bxh2 g5 29. b5 f4 30. a4 a5 31. c6 b6 32. Kd2 Bg4 33. c7 Bc8 34. Rc1 Bf8
35. Rc6 Kf7 36. Rxb6 Ke7 37. Rb8 Kd7 38. b6 Bd6 39. b7 Bxb7 40. Rxb7 Bxc7 41.
Ke2 Kc6 42. Rb2 Bd6 43. Kf1 g4 44. Bg1 f3 45. Rh2 Bxh2 46. Bxh2 Kc5 47. Bf4 Kb4
48. Bxh6 Kxa4 49. Bg7 Kb3 50. Bxd4 Kc2 0-1

[Event "FIDE World Senior Team Championship 2020"]
[Site "Olympik hotel, Sokolovska 138, Prague"]
[Date "2020.03.10"]
[Round "5.7.1"]
[White "Klundt, Klaus"]
[Black "Ogaard, Leif"]
[Result "1/2-1/2"]
[WhiteElo "2299"]
[BlackElo "2362"]
[PlyCount "33"]
[WhiteTeam "GER5"]
[BlackTeam "NOR1"]
[EventDate "2020.03.06"]

1. e4 e6 2. d4 d5 3. Nd2 dxe4 4. Nxe4 Nd7 5. Nf3 Ngf6 6. Nxf6+ Nxf6 7. Ne5 Nd7
8. Be3 Nxe5 9. dxe5 Qxd1+ 10. Rxd1 Bd7 11. Be2 Bc6 12. O-O Be7 13. f4 O-O 14.
Bf3 Bxf3 15. Rxf3 Rfd8 16. Rff1 a6 17. Kf2 1/2-1/2

[Event "FIDE World Senior Team Championship 2020"]
[Site "Olympik hotel, Sokolovska 138, Prague"]
[Date "2020.03.10"]
[Round "5.7.2"]
[White "Heim, Sverre"]
[Black "Kannenberg, Karl-Heinz"]
[Result "1-0"]
[WhiteElo "2316"]
[BlackElo "2118"]
[PlyCount "71"]
[WhiteTeam "NOR1"]
[BlackTeam "GER5"]
[EventDate "2020.03.06"]

1. e4 c6 2. Nc3 d5 3. Nf3 dxe4 4. Nxe4 Nf6 5. Nxf6+ exf6 6. Bc4 Qe7+ 7. Qe2 Bg4
8. O-O Qxe2 9. Bxe2 Bc5 10. h3 Bh5 11. Nd4 Bxe2 12. Nxe2 O-O 13. d4 Re8 14. Be3
Bb6 15. c4 Nd7 16. Rfd1 Nf8 17. c5 Bc7 18. d5 cxd5 19. Rxd5 Ne6 20. Rad1 Rad8
21. b4 a6 22. a4 Kf8 23. Kf1 f5 24. Rxd8 Rxd8 25. Rxd8+ Bxd8 26. Nd4 Nxd4 27.
Bxd4 f6 28. Ke2 Ke8 29. Kd3 Kd7 30. Kc4 Ke6 31. b5 Bc7 32. c6 axb5+ 33. Kxb5
Kd5 34. cxb7 Kxd4 35. a5 Kd5 36. a6 1-0

[Event "FIDE World Senior Team Championship 2020"]
[Site "Olympik hotel, Sokolovska 138, Prague"]
[Date "2020.03.10"]
[Round "5.8.1"]
[White "White, Alastair F"]
[Black "Uddenfeldt, Dan"]
[Result "0-1"]
[WhiteElo "2052"]
[BlackElo "2320"]
[PlyCount "60"]
[WhiteTeam "SCO"]
[BlackTeam "SWE1"]
[EventDate "2020.03.06"]

1. e4 c5 2. Nf3 e6 3. d4 cxd4 4. Nxd4 Nf6 5. Nc3 d6 6. g3 Nc6 7. Bg2 Bd7 8. O-O
a6 9. a4 Be7 10. h3 Qc7 11. Re1 O-O 12. Be3 Rfd8 13. Nxc6 Bxc6 14. a5 Nd7 15.
Qh5 Bf6 16. Na4 Bxa4 17. Rxa4 Bxb2 18. Re2 Qc6 19. Rb4 g6 20. Qh4 Bc3 21. Bg5
f6 22. Qg4 fxg5 23. Qxe6+ Kh8 24. Rc4 Nc5 25. Qg4 Be5 26. f4 gxf4 27. gxf4 Qb5
28. fxe5 Qxc4 29. Qh4 Qd4+ 30. Rf2 Rf8 0-1

[Event "FIDE World Senior Team Championship 2020"]
[Site "Olympik hotel, Sokolovska 138, Prague"]
[Date "2020.03.10"]
[Round "5.8.3"]
[White "Levy, David N L"]
[Black "Hammar, Bengt"]
[Result "1/2-1/2"]
[WhiteElo "2310"]
[BlackElo "2142"]
[PlyCount "58"]
[WhiteTeam "SCO"]
[BlackTeam "SWE1"]
[EventDate "2020.03.06"]

1. e4 c5 2. Nc3 d6 3. g3 Nc6 4. d3 g6 5. Bg2 Bg7 6. Be3 e6 7. Qd2 Bd7 8. Nge2
Nd4 9. Nd1 Ne7 10. Nxd4 cxd4 11. Bh6 O-O 12. Bxg7 Kxg7 13. O-O e5 14. f4 f6 15.
Nf2 Rc8 16. Rac1 Qb6 17. c4 a5 18. b3 Qb4 19. Qe2 b5 20. h4 a4 21. Rb1 axb3 22.
Rxb3 Qa4 23. cxb5 Bxb5 24. Rfb1 Ba6 25. f5 Rc3 26. fxg6 hxg6 27. Bh3 Rxb3 28.
Rxb3 Qc6 29. Qb2 Bc8 1/2-1/2

[Event "FIDE World Senior Team Championship 2020"]
[Site "Olympik hotel, Sokolovska 138, Prague"]
[Date "2020.03.10"]
[Round "5.9.1"]
[White "Mojzis, Jaroslav"]
[Black "Boehnisch, Manfred"]
[Result "1/2-1/2"]
[WhiteElo "2074"]
[BlackElo "2246"]
[PlyCount "103"]
[WhiteTeam "CZE5"]
[BlackTeam "GER7"]
[EventDate "2020.03.06"]

1. d4 d5 2. Nf3 Nf6 3. g3 c6 4. Bg2 Bg4 5. O-O Nbd7 6. c4 e6 7. b3 Bd6 8. Bb2
Qb8 9. Nc3 b5 10. cxb5 cxb5 11. Qd3 a6 12. e4 dxe4 13. Nxe4 Nd5 14. Nxd6+ Qxd6
15. Ne5 Bf5 16. Qe2 O-O 17. a4 Rfc8 18. Rfc1 Rxc1+ 19. Rxc1 Nxe5 20. Qxe5 Qxe5
21. dxe5 bxa4 22. bxa4 Rb8 23. Ba3 g5 24. Bf1 a5 25. Bb5 g4 26. Bd6 Rd8 27. Kf1
f6 28. Ke1 fxe5 29. Bxe5 Nb4 30. Ke2 Rd5 31. Rc8+ Kf7 32. Rc7+ Kg8 33. Bc3 Bd3+
34. Bxd3 Nxd3 35. Rg7+ Kf8 36. Rxg4 Nc1+ 37. Ke1 e5 38. Rc4 Kf7 39. Rc6 Nd3+
40. Ke2 Nc5 41. Rc7+ Kg6 42. Bxa5 Nxa4 43. Bb4 Rb5 44. Bf8 Rb2+ 45. Ke3 Nb6 46.
Rg7+ Kf5 47. g4+ Ke6 48. Bc5 Nd5+ 49. Kd3 Rb3+ 50. Kc4 Rc3+ 51. Kb5 Rh3 52. Kc6
1/2-1/2

[Event "FIDE World Senior Team Championship 2020"]
[Site "Olympik hotel, Sokolovska 138, Prague"]
[Date "2020.03.10"]
[Round "5.9.2"]
[White "Beltz, Robert"]
[Black "Trojan, Lubos"]
[Result "1/2-1/2"]
[WhiteElo "2158"]
[BlackElo "1928"]
[PlyCount "67"]
[WhiteTeam "GER7"]
[BlackTeam "CZE5"]
[EventDate "2020.03.06"]

1. d4 Nf6 2. c4 e6 3. Nf3 d5 4. g3 Be7 5. Bg2 O-O 6. Qc2 Nbd7 7. O-O b6 8. Rd1
Bb7 9. Ne5 c5 10. Nc3 Rc8 11. Nxd7 Qxd7 12. dxc5 Rxc5 13. cxd5 exd5 14. Qd3 Rd8
15. Bg5 d4 16. Bxf6 Bxf6 17. Bxb7 Qxb7 18. Ne4 Rc6 19. Rac1 Be7 20. Rxc6 Qxc6
21. e3 f5 22. Qb3+ Kf8 23. Nd2 dxe3 24. fxe3 a5 25. Nf1 Rxd1 26. Qxd1 Qe6 27.
b3 Kf7 28. Qh5+ Qg6 29. Qf3 Qf6 30. Qh5+ Qg6 31. Qd1 Qe6 32. Qh5+ Qg6 33. Qe2
Qe6 34. Qh5+ 1/2-1/2

[Event "FIDE World Senior Team Championship 2020"]
[Site "Olympik hotel, Sokolovska 138, Prague"]
[Date "2020.03.10"]
[Round "5.9.3"]
[White "Just, Pavel"]
[Black "Baumbach, Friedrich, Dr."]
[Result "1/2-1/2"]
[WhiteElo "1954"]
[BlackElo "2130"]
[PlyCount "87"]
[WhiteTeam "CZE5"]
[BlackTeam "GER7"]
[EventDate "2020.03.06"]

1. e4 c5 2. Nf3 Nc6 3. c4 g6 4. d4 cxd4 5. Nxd4 Bg7 6. Be3 d6 7. Nc3 Nf6 8. Be2
O-O 9. O-O Bd7 10. Qd2 Qa5 11. Rfd1 a6 12. f3 Rab8 13. Nb3 Qd8 14. c5 dxc5 15.
Nxc5 Bc8 16. Qc2 Qc7 17. Rac1 e5 18. Nb3 Nd4 19. Nxd4 exd4 20. Bxd4 Be6 21. Qd2
Qa5 22. Nd5 Qxd2 23. Rxd2 Bxd5 24. Bxf6 Bh6 25. Rxd5 Bxc1 26. Bc4 Rbc8 27. Bb3
Rc6 28. Bd4 Bf4 29. g3 Bc7 30. Kf2 Bb6 31. Ke3 Bxd4+ 32. Kxd4 Rcc8 33. Rd7 Rcd8
34. Bxf7+ Kg7 35. Rxd8 Rxd8+ 36. Bd5 b6 37. h4 Rc8 38. h5 Rc2 39. e5 Rxb2 40.
f4 Rd2+ 41. Ke4 Rg2 42. Kf3 Rd2 43. Ke4 Rg2 44. Kf3 1/2-1/2

[Event "FIDE World Senior Team Championship 2020"]
[Site "Olympik hotel, Sokolovska 138, Prague"]
[Date "2020.03.10"]
[Round "5.10.1"]
[White "Jimenez Molina, Juan Leon"]
[Black "Sejkora, Vlastimil"]
[Result "1/2-1/2"]
[WhiteElo "2174"]
[BlackElo "2149"]
[PlyCount "65"]
[WhiteTeam "CRC"]
[BlackTeam "CZE3"]
[EventDate "2020.03.06"]

1. c4 Nf6 2. g3 g6 3. Bg2 Bg7 4. Nc3 d6 5. b3 e5 6. Bb2 c6 7. e4 O-O 8. Nge2
Na6 9. O-O Nc5 10. d4 exd4 11. Nxd4 Re8 12. Qc2 a5 13. Rad1 Bg4 14. f3 Bc8 15.
Nde2 Qb6 16. Kh1 a4 17. Nc1 axb3 18. axb3 Qc7 19. N3e2 Be6 20. Bd4 Nh5 21. g4
Bxd4 22. Rxd4 Ng7 23. Rfd1 f5 24. exf5 gxf5 25. h3 Rad8 26. Qd2 Bf7 27. Nf4
Nce6 28. Nxe6 Rxe6 29. Ne2 Qe7 30. Nc3 Re3 31. gxf5 Nxf5 32. Rg4+ Bg6 33. b4
1/2-1/2

[Event "FIDE World Senior Team Championship 2020"]
[Site "Olympik hotel, Sokolovska 138, Prague"]
[Date "2020.03.10"]
[Round "5.10.2"]
[White "Janda, Zdenek"]
[Black "Piza Volio, Eduardo"]
[Result "1-0"]
[WhiteElo "2065"]
[BlackElo "2255"]
[PlyCount "103"]
[WhiteTeam "CZE3"]
[BlackTeam "CRC"]
[EventDate "2020.03.06"]

1. d4 Nf6 2. Nf3 e6 3. Bf4 d5 4. e3 c5 5. c3 Nc6 6. Bd3 cxd4 7. exd4 Bd6 8. Bg3
Qc7 9. Nbd2 O-O 10. O-O e5 11. dxe5 Nxe5 12. Nxe5 Bxe5 13. Bxe5 Qxe5 14. Re1
Qf4 15. h3 Bd7 16. Nf3 Rfe8 17. Qd2 Nh5 18. Qxf4 Nxf4 19. Bf1 h6 20. Kh2 Bf5
21. Red1 Rad8 22. Rd2 Be4 23. Nd4 a6 24. Rad1 Ne6 25. Nb3 Rd7 26. f3 Bg6 27.
Rxd5 Rxd5 28. Rxd5 Re7 29. Kg3 Bb1 30. Nc1 Bc2 31. Rd2 Ba4 32. Bc4 Kf8 33. Re2
Bd7 34. Nd3 Nd8 35. Nc5 Bc6 36. Rxe7 Kxe7 37. Kf4 Kd6 38. Ne4+ Ke7 39. Ke5 Kd7
40. Ng3 f6+ 41. Kf5 Ke7 42. Kg6 Kf8 43. Nf5 Be8+ 44. Kh7 g6 45. Nd6 g5 46. Kxh6
Bd7 47. Kg6 Ke7 48. Nf5+ Bxf5+ 49. Kxf5 Nc6 50. Bd5 Nd8 51. g3 a5 52. h4 1-0

[Event "FIDE World Senior Team Championship 2020"]
[Site "Olympik hotel, Sokolovska 138, Prague"]
[Date "2020.03.10"]
[Round "5.11.2"]
[White "Kratschmer, Heinz"]
[Black "Jurek, Josef"]
[Result "1/2-1/2"]
[WhiteElo "2037"]
[BlackElo "2254"]
[PlyCount "102"]
[WhiteTeam "AUT2"]
[BlackTeam "CZE2"]
[EventDate "2020.03.06"]

1. d4 Nf6 2. Nf3 e6 3. c4 b6 4. e3 Bb7 5. Be2 c5 6. O-O Be7 7. Nc3 cxd4 8. Nxd4
a6 9. Bf3 Qc7 10. Bxb7 Qxb7 11. Qf3 Qxf3 12. Nxf3 O-O 13. b3 Rc8 14. Bb2 d6 15.
Rfd1 Nbd7 16. Nd4 Bf8 17. e4 Rab8 18. f3 g6 19. Rac1 Bh6 20. Rb1 Rb7 21. Bc1
Bf8 22. a4 Rbc7 23. Nde2 h6 24. Bf4 Ne5 25. Be3 Nfd7 26. h3 Nc5 27. Kf1 Kh7 28.
Rd2 Be7 29. Nd4 Nxb3 30. Rxb3 Nxc4 31. Rd3 Na5 32. Rxb6 Rxc3 33. Rxc3 Rxc3 34.
Bd2 Nc4 35. Bxc3 Nxb6 36. a5 Na4 37. Bb4 Bd8 38. Bxd6 Bxa5 39. Nc6 Bb6 40. Ke2
Nc5 41. Kd2 Nb7 42. e5 f6 43. Kc3 Kg7 44. Nb8 a5 45. Kc4 fxe5 46. Bxe5+ Kf7 47.
Kb5 Be3 48. Nc6 a4 49. Kxa4 Nc5+ 50. Kb5 Nd3 51. Bc3 Nf4 1/2-1/2

[Event "FIDE World Senior Team Championship 2020"]
[Site "Olympik hotel, Sokolovska 138,"]
[Date "2020.03.10"]
[Round "5.13"]
[White "Beilfuss, Wilfried"]
[Black "Nyrhinen, Harri"]
[Result "1-0"]
[WhiteElo "2205"]
[BlackElo "1985"]
[PlyCount "37"]
[EventDate "2020.03.06"]
[WhiteTeam "GER9"]
[BlackTeam "FIN1"]

1. g3 g6 2. Bg2 Bg7 3. d4 Nf6 4. e4 d6 5. Ne2 O-O 6. O-O c5 7. dxc5 dxc5 8.
Nbc3 Nc6 9. Be3 Qa5 10. Nd5 Ng4 11. Bd2 Qd8 12. h3 Nge5 13. Bc3 e6 14. Ne3 Nd4
15. f4 Nec6 16. e5 Rb8 17. Be1 b5 18. c3 Nf5 19. Nxf5 1-0

[Event "FIDE World Senior Team Championship 2020"]
[Site "Olympik hotel, Sokolovska 138,"]
[Date "2020.03.10"]
[Round "5.13"]
[White "Lehtosaari, Kalevi"]
[Black "Becker, Norbert"]
[Result "1/2-1/2"]
[WhiteElo "1998"]
[BlackElo "2107"]
[PlyCount "88"]
[EventDate "2020.03.06"]
[WhiteTeam "FIN1"]
[BlackTeam "GER9"]

1. c4 Nf6 2. Nc3 d5 3. d4 c6 4. e3 e6 5. Nf3 Be7 6. Bd3 O-O 7. O-O b6 8. e4
dxc4 9. Bxc4 Ba6 10. Qe2 Bxc4 11. Qxc4 b5 12. Qd3 b4 13. Ne2 c5 14. Be3 cxd4
15. Bxd4 Nc6 16. Rad1 Nxd4 17. Nexd4 Qb6 18. h3 Rfd8 19. g4 Bc5 20. e5 Bxd4 21.
Nxd4 Nd5 22. Qe4 a5 23. Rd3 a4 24. Ne2 Rac8 25. Rfd1 Rc5 26. Kg2 Rdc8 27. Nf4
a3 28. Nxd5 exd5 29. Rxd5 axb2 30. Qxb4 b1=Q 31. Qxb1 Qc6 32. Qe4 g6 33. Rd8+
Kg7 34. Qxc6 R8xc6 35. f4 Ra6 36. R8d2 Rc3 37. Rd3 Rxa2+ 38. R1d2 Rxd2+ 39.
Rxd2 h6 40. h4 Re3 41. Rd7 g5 42. hxg5 hxg5 43. Rd4 gxf4 44. Rxf4 Rxe5 1/2-1/2

[Event "FIDE World Senior Team Championship 2020"]
[Site "Olympik hotel, Sokolovska 138,"]
[Date "2020.03.10"]
[Round "5.13"]
[White "Mueller, Gerhard"]
[Black "Ruotanen, Helge"]
[Result "1/2-1/2"]
[WhiteElo "2095"]
[BlackElo "1927"]
[PlyCount "38"]
[EventDate "2020.03.06"]
[WhiteTeam "GER9"]
[BlackTeam "FIN1"]

1. e4 g6 2. d4 Bg7 3. Nc3 d6 4. Nf3 Nf6 5. h3 O-O 6. Be2 e5 7. Be3 exd4 8. Nxd4
Re8 9. Qd3 d5 10. exd5 Nxd5 11. Nxd5 Qxd5 12. O-O c6 13. Rfe1 Na6 14. Bf3 Qd6
15. Rad1 Qc7 16. c3 Nc5 17. Qc4 Ne6 18. Bg4 Nxd4 19. Bxd4 Bxg4 1/2-1/2